000
00220 a2200097 4500
001
32798
100
_a
Yahya, S M
245
_a
Introductory set topology
260
_a
Karachi
_b
The Times Press
_c
090
_c
21966
_d
21966
942
_a
NUST-CAE
_c
M
_c
13298
999
_c
267871
_d
267871